{"text_format":"3","workbook":"xlsx","n_sheets":2,"sheets":["出厂验收数据","出厂验收计划表"],"not_rendered":{"defined_names":1},"read":"whole","date_system":"1900"}

{"sheet":"出厂验收数据","index":0,"n_rows":7,"n_cols":121,"rows_kept":7}
["序号","合同属性","来源系统","工厂","工厂名称","计划编制人","外部合同编号","采购订单","订单行项目","批次","物料编码","物料描述","合同数量","度量单位文本","单价","采购订单净价","金额","合同计划交货日期","确定交货期","项目定义","项目定义描述","单体工程","单体工程描述","供应商编码","供应商名称","涉法供应商描述","供应商联系人","供应商联系人电话","已交货数量","103过账日期","103物料凭证","105物料凭证","105过账日期","开票日期","交票日期","出票方编码","出票方名称","供应商发票","发票数量","发票校验数量","发票金额","发票状态","税码","评估类型","资金属性","产权属性","付款比例","投运单/验收单号","投运单/验收单状态","投运日期","质保单/届满证书单号","质保单/届满证书状态","质保期","（预计）质保到期日","预付款","到货款/交货款","投运款/验收款","质保款/结清款","市级属地","入库金额","招标批次描述","中标签报号","中标单价","中标总价","分标信息","分包信息","框架合同编号","框架中标编号","项目一级分类","一级分类描述","二级分类","二级分类描述","三级分类","三级分类描述","项目所在地","合同日期","电子商务合同编号","特高压标识","寄存订单净单价","寄存订单含税单价","寄存订单分项净价(不含税)","寄存订单分项总价(含税)","补充协议号","补充协议调整后总数量","补充协议调整后总金额","补充协议交货日期","变更类型","补充协议合同编号(经法)","补充协议采购订单","补充协议采购订单行项目","技术规范ID","电子商务合同行项目","是否分批结算","保函类型","合同执行完毕标识","投运款提前申请单号","投运款提前申请单状态","框架招标计划编号","框架招标批次描述","合同","合同行项目","物资公司SO","SO项目行","物资公司PO","PO项目行","采购申请号","采购申请行项目","采购申请数量","订单单位","配送单计划交货期","电子验收报告","电子验收报告审批状态","电子验收报告审批日期","到货登记人","需求单位","需求单位描述","配送地点","配送地点描述","申请付款金额","WBS元素","WBS元素描述"]
[1,"协议库存合同","ECP2.0","02J4","射阳供电公司/国网","陈遥","SGJSWZ00HTMM2500017-GW06052","4501776035","10","2501J02216","500116694","绝缘护罩,导线软质遮蔽罩",{"v":400,"d":"400.000"},"只",24.86,{"v":22,"d":"22.00"},{"v":9944,"d":"9,944.00"},"2025-03-07","2025-02-20","","","","","1000023700","扬州北辰电气集团有限公司","","顾春雷","0514-82982341",{"v":0,"d":"0.000"},null,"","",{"$nulls":3},"","","",{"v":0,"d":"0.000"},{"v":0,"d":"0.000"},{"v":0,"d":"0.00"},"","K2","资本性设备","资本性","国网","0:10:0:0","","",null,"","","24",null,{"v":0,"d":"0.00"},{"v":0,"d":"0.00"},{"v":0,"d":"0.00"},{"v":0,"d":"0.00"},"盐城",{"v":0,"d":"0.00"},"协议库存可视化选购20250122","WLZXXY-KSH2025020600021",24.86,{"v":9944,"d":"9,944.00"},"","","SGJSWZ00HTMM2500017","","","","","","","","","2025-02-07","JS20250000177","","","","","","",{"v":0,"d":"0.000"},{"v":0,"d":"0.00"},null,"","","","0","G00L-500116694-00005","2","否","Y","","","","1024A3","国网江苏省电力有限公司2024年第三次省招（含营销项目）物资协议库存公开招标采购","4600873398","10","","0","","0","0016009521","10",{"v":400,"d":"400.000"},"只","2025-03-07","","",null,"","2019061900138992","国网江苏省电力有限公司射阳县供电分公司","JJ12","盐城（县公司）",{"v":0,"d":"0.00"},"",""]
[2,"协议库存合同","ECP2.0","02J3","建湖供电公司/国网","孙玉乾","SGJSWZ00HTMM2420503-GW06035","4501776018","10","2501J02172","500021956","电缆接线端子,铜镀锡,70mm2,单孔",{"v":4000,"d":"4,000.000"},"只",{"v":8.8,"d":"8.80"},7.79,{"v":35200,"d":"35,200.00"},"2025-03-20","2025-02-20","","","","","1000011810","山东鲁能光大电力器材有限公司","","曹恒涛","13685479029",{"v":0,"d":"0.000"},null,"","",{"$nulls":3},"","","",{"v":0,"d":"0.000"},{"v":0,"d":"0.000"},{"v":0,"d":"0.00"},"","K2","资本性设备","资本性","国网","0:10:0:0","","",null,"","","24",null,{"v":0,"d":"0.00"},{"v":0,"d":"0.00"},{"v":0,"d":"0.00"},{"v":0,"d":"0.00"},"盐城",{"v":0,"d":"0.00"},"协议库存可视化选购20250122","WLZXXY-KSH2025020600021",{"v":8.8,"d":"8.80"},{"v":35200,"d":"35,200.00"},"","","SGJSWZ00HTMM2420503","","","","","","","","","2025-02-07","JS20240036755","","","","","","",{"v":0,"d":"0.000"},{"v":0,"d":"0.00"},null,"","","","0","A171-500050546-00001","9","否","Y","","","","1024AC","国网江苏省电力有限公司2023年第三次配网物资协议库存公开招标采购","4600873381","10","","0","","0","0016009485","10",{"v":4000,"d":"4,000.000"},"只","2025-03-20","","",null,"","2019061900149181","国网江苏省电力有限公司建湖县供电分公司","JJ12","盐城（县公司）",{"v":0,"d":"0.00"},"",""]
[3,"ECP招标合同","ECP2.0","02J0","盐城供电公司本部/国网","陈绍青","SGJSWZ00HTMM2418902","4501759199","10","2407J04729","500139069","铁塔,AC220kV,通用,角钢,Q420,常规塔",{"v":823.95,"d":"823.950"},"吨",{"v":7070,"d":"7,070.00"},{"v":6256.64,"d":"6,256.64"},{"v":5825329.14,"d":"5,825,329.14"},"2025-03-30","2025-02-20","1510A0240003","江苏盐城国能龙源射阳海上风电配套220kV送出工程","1510A02400030430000000","龙源射阳风电~鹤栖/花州220千伏线路工程","1001484283","泰州永邦重工有限公司","","张立宾","18601044291",{"v":0,"d":"0.000"},null,"","",{"$nulls":3},"","","",{"v":0,"d":"0.000"},{"v":0,"d":"0.000"},{"v":0,"d":"0.00"},"","K2","资本性材料","资本性","国网","1:7.5:1:0.5","","",null,"","","24",null,{"v":582532.91,"d":"582,532.91"},{"v":0,"d":"0.00"},{"v":0,"d":"0.00"},{"v":0,"d":"0.00"},"盐城",{"v":0,"d":"0.00"},"国家电网有限公司2024年第七十一批采购（输变电项目第五次线路装置性材料招标采购）","SG2410",{"v":7070,"d":"7,070.00"},{"v":5825326.5,"d":"5,825,326.50"},"铁塔及构支架","包133","","","01","基建项目","15","220KV项目（交流）","1501","220KV输变电项目","射阳县","2024-11-15","JS20240019244","","","","","","",{"v":0,"d":"0.000"},{"v":0,"d":"0.00"},null,"","","","0","9999-500139068-00019","1","否","Y","","","","","","4600859430","10","","0","","0","0015648198","40",{"v":823.95,"d":"823.950"},"吨","2025-03-30","","",null,"","2019061900139168","国网江苏省电力有限公司盐城供电分公司","JJ11","盐城（市公司本部）",{"v":582532.91,"d":"582,532.91"},"1510A02400030439200000","架空输电线路工程-本体工程-杆塔工程"]
[4,"ECP招标合同","ECP2.0","02J0","盐城供电公司本部/国网","陈绍青","SGJSWZ00HTMM2418902","4501759199","20","2407J04728","500139069","铁塔,AC220kV,通用,角钢,Q420,常规塔",{"v":751.95,"d":"751.950"},"吨",{"v":7070,"d":"7,070.00"},{"v":6256.64,"d":"6,256.64"},{"v":5316288.91,"d":"5,316,288.91"},"2025-03-30","2025-02-20","1510A0240003","江苏盐城国能龙源射阳海上风电配套220kV送出工程","1510A02400030430000000","龙源射阳风电~鹤栖/花州220千伏线路工程","1001484283","泰州永邦重工有限公司","","张立宾","18601044291",{"v":0,"d":"0.000"},null,"","",{"$nulls":3},"","","",{"v":0,"d":"0.000"},{"v":0,"d":"0.000"},{"v":0,"d":"0.00"},"","K2","资本性材料","资本性","国网","1:7.5:1:0.5","","",null,"","","24",null,{"v":531628.89,"d":"531,628.89"},{"v":0,"d":"0.00"},{"v":0,"d":"0.00"},{"v":0,"d":"0.00"},"盐城",{"v":0,"d":"0.00"},"国家电网有限公司2024年第七十一批采购（输变电项目第五次线路装置性材料招标采购）","SG2410",{"v":7070,"d":"7,070.00"},{"v":5316286.5,"d":"5,316,286.50"},"铁塔及构支架","包133","","","01","基建项目","15","220KV项目（交流）","1501","220KV输变电项目","射阳县","2024-11-15","JS20240019244","","","","","","",{"v":0,"d":"0.000"},{"v":0,"d":"0.00"},null,"","","","0","9999-500139068-00019","2","否","Y","","","","","","4600859430","20","","0","","0","0015648198","30",{"v":751.95,"d":"751.950"},"吨","2025-03-30","","",null,"","2019061900139168","国网江苏省电力有限公司盐城供电分公司","JJ11","盐城（市公司本部）",{"v":531628.89,"d":"531,628.89"},"1510A02400030439200000","架空输电线路工程-本体工程-杆塔工程"]
[5,"ECP招标合同","ECP2.0","02J0","盐城供电公司本部/国网","陈绍青","SGJSWZ00HTMM2418681","4501759160","20","2407J04726","500139069","铁塔,AC220kV,通用,角钢,Q420,常规塔",{"v":867.7,"d":"867.700"},"吨",{"v":7248,"d":"7,248.00"},{"v":6414.16,"d":"6,414.16"},{"v":6289090.29,"d":"6,289,090.29"},"2025-03-30","2025-02-20","1510A0240003","江苏盐城国能龙源射阳海上风电配套220kV送出工程","1510A02400030430000000","龙源射阳风电~鹤栖/花州220千伏线路工程","1000352835","浙江飞华科技有限公司","","汤晓峰","0572-2596308",{"v":0,"d":"0.000"},null,"","",{"$nulls":3},"","","",{"v":0,"d":"0.000"},{"v":0,"d":"0.000"},{"v":0,"d":"0.00"},"","K2","资本性材料","资本性","国网","1:7.5:1:0.5","","",null,"","","24",null,{"v":0,"d":"0.00"},{"v":0,"d":"0.00"},{"v":0,"d":"0.00"},{"v":0,"d":"0.00"},"盐城",{"v":0,"d":"0.00"},"国家电网有限公司2024年第七十一批采购（输变电项目第五次线路装置性材料招标采购）","SG2410",{"v":7248,"d":"7,248.00"},{"v":6289089.6,"d":"6,289,089.60"},"铁塔及构支架","包139","","","01","基建项目","15","220KV项目（交流）","1501","220KV输变电项目","射阳县","2024-11-15","JS20240019238","","","","","","",{"v":0,"d":"0.000"},{"v":0,"d":"0.00"},null,"","","","0","9999-500139068-00019","2","否","Y","","","","","","4600859424","20","","0","","0","0015648198","10",{"v":867.7,"d":"867.700"},"吨","2025-03-30","","",null,"","2019061900139168","国网江苏省电力有限公司盐城供电分公司","JJ11","盐城（市公司本部）",{"v":0,"d":"0.00"},"1510A02400030439200000","架空输电线路工程-本体工程-杆塔工程"]
[6,"ECP招标合同","ECP2.0","02J0","盐城供电公司本部/国网","陈绍青","SGJSWZ00HTMM2418681","4501759160","10","2407J04725","500139069","铁塔,AC220kV,通用,角钢,Q420,常规塔",{"v":966.72,"d":"966.720"},"吨",{"v":7248,"d":"7,248.00"},{"v":6414.16,"d":"6,414.16"},{"v":7006787.33,"d":"7,006,787.33"},"2025-03-30","2025-02-20","1510A0240003","江苏盐城国能龙源射阳海上风电配套220kV送出工程","1510A02400030430000000","龙源射阳风电~鹤栖/花州220千伏线路工程","1000352835","浙江飞华科技有限公司","","汤晓峰","0572-2596308",{"v":0,"d":"0.000"},null,"","",{"$nulls":3},"","","",{"v":0,"d":"0.000"},{"v":0,"d":"0.000"},{"v":0,"d":"0.00"},"","K2","资本性材料","资本性","国网","1:7.5:1:0.5","","",null,"","","24",null,{"v":0,"d":"0.00"},{"v":0,"d":"0.00"},{"v":0,"d":"0.00"},{"v":0,"d":"0.00"},"盐城",{"v":0,"d":"0.00"},"国家电网有限公司2024年第七十一批采购（输变电项目第五次线路装置性材料招标采购）","SG2410",{"v":7248,"d":"7,248.00"},{"v":7006786.56,"d":"7,006,786.56"},"铁塔及构支架","包139","","","01","基建项目","15","220KV项目（交流）","1501","220KV输变电项目","射阳县","2024-11-15","JS20240019238","","","","","","",{"v":0,"d":"0.000"},{"v":0,"d":"0.00"},null,"","","","0","9999-500139068-00019","1","否","Y","","","","","","4600859424","10","","0","","0","0015648070","440",{"v":966.72,"d":"966.720"},"吨","2025-03-30","","",null,"","2019061900139168","国网江苏省电力有限公司盐城供电分公司","JJ11","盐城（市公司本部）",{"v":0,"d":"0.00"},"1510A02400030439200000","架空输电线路工程-本体工程-杆塔工程"]

{"sheet":"出厂验收计划表","index":1,"n_rows":13,"n_cols":25,"rows_kept":13}
["序号","出厂验收编码","地市公司","工程名称","物资唯一码（批次编码）","物料描述","物料扩展描述","需求数量","单位","交货日期","外部合同编号","中标供应商名称","厂家联系人","联系电话","出厂试验计划时间","出厂验收确认开始时间","出厂验收完成情况","出厂验收完成时间","验收结果","出厂验收执行情况","出厂验收报告编号","填报人","填报人联系电话（手机）","计划状态","备注"]
["填写说明及要求","（必填）以江苏公司出厂验收、项目单位首字母、执行月份和流水号编写；                  范例：JSCCYSNJ201706001","必填","必填","必填","必填",null,"必填","必填","必填","必填","必填","必填","必填","（必填）填写出厂试验计划时间","（必填）需向供应商和项目单位确认，防止出现延期（要求三个工作日内完成出厂验收任务，）","（必填）填写出厂验收完成情况，只需填写已完成或未完成；报告未上传物资全供应链管理系统视为未完成","填写出厂验收完成时间","填写合格、不合格、再次验收合格、再次验收不合格","（必填）填写出厂验收目前执行情况，如：组织专家、正在验收、编写报告等","以江苏公司出厂验收、项目单位首字母、对应出厂验收编码编写；                  范例：CCYSBGNJ201706001","必填","必填","（必填）填写出厂验收计划状态：申请删除、申请保留、正常"]
{"$rows_empty":10}
["注：填写完毕后，保存文档关闭即可"]